00401nam a2200157Ia 4500003000400000005001700004008004100021020001800062040000900080082001800089100002000107245005700127260003600184300000900220650001400229OSt20200821151207.0190216s9999||||xx |||||||||||||| ||und|| a9780470843079 coclc a615.19bTHO/F aThomas, Gareth  0aFundamentals Of Medicinal Chemistry /cGareth Thomas bWiley India,c2013.aNew Delhi: a285p aChemistry